Vivir como cristiano / (Record no. 92327)

MARC details
000 -LEADER
campo de control de longitud fija 00832nam a2200217 i 4500
001 - NÚMERO DE CONTROL
campo de control 92327
003 - IDENTIFICADOR DE NÚMERO DE CONTROL
campo de control ES-MaACL
005 - FECHA Y HORA DE LA ÚLTIMA TRANSACCIÓN
campo de control 20250901062533.0
007 - CAMPO FIJO DE DESCRIPCIÓN FÍSICA--INFORMACIÓN GENERAL
campo de control de longitud fija t|
008 - DATOS DE LONGITUD FIJA--INFORMACIÓN GENERAL
campo de control de longitud fija 050225s1962 sp ||||1| spa d
100 1# - ENTRADA PRINCIPAL--NOMBRE DE PERSONA
Nombre de persona Liégé, Pierre André.
9 (RLIN) 144359
245 10 - MENCIÓN DEL TÍTULO
Título Vivir como cristiano /
Mención de responsabilidad, etc. André Liégé; [versión española de Federico Revilla].
260 ## - PUBLICACIÓN, DISTRIBUCIÓN, ETC.
Lugar de publicación, distribución, etc. Andorra :
Nombre del editor, distribuidor, etc. Casal i Vall,
Fecha de publicación, distribución, etc. [1962]
300 ## - DESCRIPCIÓN FÍSICA
Extensión 159 p. ;
Dimensiones 19 cm.
490 1# - MENCIÓN DE SERIE
Mención de serie Yo Sé-Yo Creo ;
Designación de volumen o secuencia 56. Quinta Parte: Presencia de la Salvación entre Nosotros
650 07 - PUNTO DE ACCESO ADICIONAL DE MATERIA--TÉRMINO DE MATERIA
Término de materia o nombre geográfico como elemento de entrada Vida cristiana
Fuente del encabezamiento o término embne
9 (RLIN) 17790
700 1# - ENTRADA AGREGADA--NOMBRE PERSONAL
Nombre de persona Revilla, Federico.
9 (RLIN) 96429
830 00 - PUNTO DE ACCESO ADICIONAL DE SERIE-TÍTULO UNIFORME
Título uniforme Yo sé, yo creo: enciclopedia del católico del siglo XX
Designación de volumen o secuencia 56. Quinta Parte: Presencia de la Salvación entre Nosotros
9 (RLIN) 186579
852 ## - LOCALIZACIÓN
Ubicación ES-MaACL
Número de control de estantería C-22082
Sublocalización o colección R.50817
Holdings
Estatus retirado Estado de pérdida Estado de daño No para préstamo Biblioteca de origen Biblioteca actual Ubicación en estantería Fecha de adquisición Fuente de adquisición Total de préstamos Signatura topográfica completa Código de barras Visto por última vez Precio de reemplazo Tipo de ítem Koha
        Biblioteca del Ateneo de Madrid Biblioteca del Ateneo de Madrid Galería 17/01/2008     C-22082 1096391 23/02/2023 23/02/2023 Libro impreso